000 00891nam a2200205Ii 4500
003 JO-AjNU
008 230605s9999||||xx |||||||||||||| ||und||
040 _aJO-AjNU
_bara
_erda
_cJO-AjNU
041 _aara
050 1 4 _aGV362.K47 1996
100 3 _aخطايبة، أكرم زكي,
_eauthor
_942571
245 0 0 _aموسوعة الكرة الطائرة : تاريخ - مهارات - خطط لعب - اعداد بدني - تدرب - اصابات - قياس وتقويم - قواعد اللعبة - الكرة الطائرة المصفرة والشاطئية - مصطلحات رياضية
250 _aط1
264 3 1 _aعمان: دار الفكر، 1996
300 _a525ص
_bصور توضيحية
336 _atext
_btxt
_2rdacontent
337 _aunmediated
_bn
_2rdamedia
338 _avolume
_bnc
_2rdacarrier
650 4 _aالكرة الطائرة- موسوعة رياضية
_942572
999 _aA18238
_c21806
_d21806